000 00825nam a22001935i 4500
001 54581
003 ES-MaACL
005 20230906162959.0
007 t|
008 960724m18301837sp ||||1| lat d
040 _aCAM
_bspa
_cCAM
100 1 _aFreytag, George Wilhelm.
_952574
245 1 0 _aLexicon arabico-latinum
_b: praesertim ex djeuharii firuzabaddiique et aliorum arabum, operibus adhibitis golii quoque at aliorum libris confectum; index vocum latinarum locupletissimus /
_cGeorgii Wilhelmi Freytagii.
260 _aHalis Saxonum :
_bapud C. A. Schwetschke et filium,
_c1830-1837 (
_fTypis Arabicis Academiae Regiae Berolinensis)
300 _a4 v. ;
_c29 cm.
650 1 4 _aLengua árabe-
_vDiccionarios-
_xLatín.
_914093
650 1 4 _aLengua latina-
_vDiccionarios-
_xArabe.
_914294
852 _aES-MaACL
_jB-11102-5
999 _c54581
_d54581